Mientras vivimos / (Record no. 190429)

MARC details
000 -LEADER
campo de control de longitud fija 00761nam a2200241 4500
001 - NÚMERO DE CONTROL
campo de control 190429
003 - IDENTIFICADOR DE NÚMERO DE CONTROL
campo de control ES-MaACL
005 - FECHA Y HORA DE LA ÚLTIMA TRANSACCIÓN
campo de control 20240110134302.0
008 - DATOS DE LONGITUD FIJA--INFORMACIÓN GENERAL
campo de control de longitud fija 210326s2000 sp 00| f|spa
020 ## - NÚMERO INTERNACIONAL ESTÁNDAR DEL LIBRO
Número Internacional Estándar del Libro 84-08-03642-4
080 ## - NÚMERO DE LA CLASIFICACIÓN DECIMAL UNIVERSAL
Número de la Clasificación Decimal Universal 821.134.2-31"19"
100 1# - ENTRADA PRINCIPAL--NOMBRE DE PERSONA
Nombre de persona Torres, Maruja.
9 (RLIN) 137746
245 10 - MENCIÓN DEL TÍTULO
Título Mientras vivimos /
Mención de responsabilidad, etc. Maruja Torres.
250 ## - MENCION DE EDICION
Mención de edición 1ª ed.
260 ## - PUBLICACIÓN, DISTRIBUCIÓN, ETC.
Lugar de publicación, distribución, etc. Barcelona :
Nombre del editor, distribuidor, etc. Planeta,
Fecha de publicación, distribución, etc. 2000.
300 ## - DESCRIPCIÓN FÍSICA
Extensión 264 p. ;
Dimensiones 24 cm.
586 8# - NOTA DE PREMIOS
Nota de premios Premio Platena 2000
852 4# - LOCALIZACIÓN
Ubicación ES-MaACL
Número de control de estantería A-14629
itemnumber 197606
Sublocalización o colección R.152196
Ubicación en estantería Depósito 1
Signatura antigua Olim: N-7629
Donativo/Legado Donación: José Lázaro
Encuadernación Encuadernación en cartoné
903 ## - NOMBRE PERSONAL DE DONANTE
9 234219
a Lázaro García, José
e Donante
942 ## - ELEMENTOS DE ENTRADA SECUNDARIOS (KOHA)
Fuente del sistema de clasificación o colocación Clasificación decimal universal
Tipo de ítem Koha Libro impreso
Holdings
Estatus retirado Estado de pérdida Fuente del sistema de clasificación o colocación Estado de daño No para préstamo Biblioteca de origen Biblioteca actual Ubicación en estantería Fecha de adquisición Fuente de adquisición Total de préstamos Signatura topográfica completa Código de barras Visto por última vez Precio de reemplazo Tipo de ítem Koha
    Clasificación decimal universal     Biblioteca del Ateneo de Madrid Biblioteca del Ateneo de Madrid Depósito 1 26/03/2021 Donación   A-14629 1202452 23/02/2023 23/02/2023 Libro impreso